|
|
|
|
| LEADER |
01552nam a2200289 a 4500 |
| 001 |
12001556 |
| 008 |
091108s2001 maua 001 0 eng d |
| 010 |
|
|
|a 00040178
|
| 020 |
|
|
|a 0321204557
|
| 020 |
|
|
|a 0321077474
|
| 040 |
|
|
|a DLC
|c DLC
|d DLC
|
| 082 |
0 |
0 |
|a 338.5
|2 21
|
| 100 |
1 |
|
|a Schotter, A.
|
| 245 |
1 |
0 |
|a Microeconomics :
|b a modern approach /
|c Andrew R. Schotter.
|
| 250 |
|
|
|a 3rd ed.
|
| 260 |
|
|
|a Reading, MA :
|b Addison-Wesley,
|c c2001.
|
| 300 |
|
|
|a xxxii, 729 p. :
|b ill. ;
|c 25 cm.
|
| 490 |
0 |
|
|a The Addison-Wesley series in economics
|
| 500 |
|
|
|a Includes index.
|
| 541 |
1 |
|
|e 00014027
|
| 650 |
|
0 |
|a Microeconomics.
|
| 852 |
4 |
|
|a Ayesha Abed Library
|j General Shelf
|
| 999 |
|
|
|c 5714
|d 5714
|
| 952 |
|
|
|0 0
|1 0
|2 ddc
|4 0
|6 338_500000000000000_SCH_2001
|7 0
|9 5648
|a BRACUL
|b BRACUL
|c GEN
|d 2009-11-21
|l 5
|m 18
|o 338.5 SCH
|p 3010014027
|r 2014-04-08
|s 2014-01-27
|t 1
|w 2009-11-21
|y BK
|
| 952 |
|
|
|0 0
|1 0
|2 ddc
|4 1
|6 338_500000000000000_SCH_2001
|7 0
|9 5671
|a BRACUL
|b BRACUL
|c SPS
|d 2009-11-21
|g 0.00
|l 5
|m 36
|o 338.5 SCH
|p 3010014310
|r 2015-05-10
|s 2015-05-10
|t 2
|w 2009-11-21
|y BK
|x No price found in the accession register.
|
| 952 |
|
|
|0 0
|1 0
|2 ddc
|4 1
|6 338_500000000000000_SCH_2001
|7 0
|9 7847
|a BRACUL
|b BRACUL
|c SPS
|d 2010-02-08
|l 5
|m 43
|o 338.5 SCH
|p 3010014304
|r 2014-08-21
|s 2014-08-18
|t 3
|w 2010-02-08
|y BK
|x Photocopy Book. Declared as Damaged on December 10, 2023
|
| 952 |
|
|
|0 0
|1 0
|2 ddc
|4 1
|6 338_500000000000000_SCH_2001
|7 0
|9 9742
|a BRACUL
|b BRACUL
|c SPS
|d 2010-05-04
|l 6
|m 58
|o 338.5 SCH
|p 3010014303
|r 2015-08-31
|s 2015-08-03
|t 4
|w 2010-05-04
|y BK
|x Photocopy Book. Declared as Damaged on December 10, 2023
|